History Quiz

Random History or Year Quiz

Which Happened First? Quiz Stats

Quiz Updated Oct 19, 2017

Also try: First Five
Challenge
Share
Tweet
Embed
Score 0/20 Timer 03:00
5 Plays Today
This.. (X) % Correct
The television is invented.???
88.8%
Rome hosts the Olympic Games.???
83.2%
The Russian Revolution begins.???
83%
Theodore Roosevelt becomes US President.???
82%
Disney's 'Sleeping Beauty' is first shown.???
80.7%
The United States declares independence.???
77.9%
'Rain Man' wins Best Picture Oscar.???
74.1%
The first 'Doctor Who' episode airs.???
73.9%
The UN is formed.???
69.8%
King John signs the Magna Carta.???
69.5%
This.. (X) % Correct
The Xbox 360 is launched.???
68.8%
Julius Caesar invades Britain.???
67.3%
World War I begins.???
66.9%
The first 'Rolling Stone' magazine is published.???
63.8%
Neil Armstrong walks on the moon.???
60.6%
Uranus is discovered.???
59.2%
The Battle of Trafalgar.???
56%
John Lennon is assassinated.???
50.5%
The American Civil War begins.???
50.3%
The coronation of Elizabeth II.???
37.1%

You're not logged in!

Compare scores with friends on all Sporcle quizzes.
Sign Up with Email
OR
Log In

You Might Also Like...

Show Comments

Extras

Top Quizzes Today


Score Distribution

Your Account Isn't Verified!

In order to create a playlist on Sporcle, you need to verify the email address you used during registration. Go to your Sporcle Settings to finish the process.